NRL Warriors multi-answer quiz #4 - Statistics

General Stats
  • This quiz has been taken 3 times
  • The average score is 28 of 50
Answer Stats
Question When Answer % Correct
2023 - 2024 Andrew Webster
100%
2022 - 2024(11 games) Chanel Harris-Tavita
100%
2006 - 2011 Ivan Cleary
100%
2002 x2 Ivan Cleary
100%
Halves partner for Shaun Johnson 2011 - 2012(38 games) James Maloney
100%
2010 James Maloney
100%
2023 - 2024(19 games) Luke Metcalf
100%
2010 - 2016 Simon Mannering
100%
2022 Stacey Jones
100%
1999 - 2005 Stacey Jones
100%
2005 - 2009 Steve Price
100%
2023 - 2024(15 games) Te Maire Martin
100%
2012 Brian McClennan
67%
2014 - 2015(34 games) Chad Townsend
67%
2001 - 2004 Daniel Anderson
67%
2003 Francis Meli
67%
1997 - 1998 Frank Endacott
67%
Scored 20+ points in a match 1996 Gene Ngamu
67%
Warriors first grade coach 1995 - 1997 John Monie
67%
1999 - 2000 Mark Graham
67%
Captained the Warriors in 20+ matches 1997 - 1999 Matthew Ridge
67%
2018 - 2012 Micheal Luck
67%
2021 - 2022 Nathan Brown
67%
2016 - 2017 Ryan Hoffman
67%
2013, 2014 x2, 2015 Shaun Johnson
67%
2017 - 2020 Stephen Kearney
67%
2013 - 2016(45 games) Thomas Leuluai
67%
2019 - 2024 Tohu Harris
67%
2004 - 2005 Tony Kemp
67%
2006 x2 Tony Martin
67%
2014 - 2016 Andrew McFadden
33%
2018(16 games) Blake Green
33%
2001 Kevin Campion
33%
2017(13 games) Kieran Foran
33%
2018(3 games) Mason Lino
33%
2013 - 2014 Matthew Elliott
33%
2007 Michael Witt
33%
2002 - 2004 Monty Betham
33%
2017 - 2021 Roger Tuivasa-Sheck
33%
2022 - 2023(4 games) Ronald Volkman
33%
2020 Todd Payten
33%
2012 Tony Iro
33%
2016 - 2017(2 games) Tuimoala Lolohea
33%
2017(4 games) Ata Hingano
0%
2022(7 games) Daejarn Asi
0%
2023(4 games) Dylan Walker
0%
2016(7 games) Jeff Robson
0%
1999 - 2000 John Simon
0%
2022(1 game) Kodi Nikorima
0%
2022(1 game) Wayde Egan
0%
No matching quizzes found
Score Distribution
Percent of People with Each Score
Percentile by Number Answered
Your Score History
You have not taken this quiz